LEADER 01327nam a2200289 u 4500 001 000000010848 003 CaOOAMICUS 005 20150112162200.0 008 940516s1964 it u000 u ita u 035 $a10269116 040 $aMSA$bita$dBAV$dPUL(R) 100 1 $aDi Giovanni, Alberto.$0(OLS)http://pul/name/1850 245 12$aL'inquietudine dell'anima :$bla dottrina dell'amore nelle "Confessioni" di Sant'Agostino /$cAlberto Di Giovanni. 260 $aRoma :$bAbate,$c1964. 300 $a205 p.$c22 cm 490 1 $aItinerari critici ;$v2 504 $aBibliografia: p. [185]-193. 600 04$aAugustinus,$cs., vesc. d'Ippona,$d354-430$tConfessiones.$0(OLS)http://pul/subject/8508 830 0$aItinerari critici ;$v2.$0(OLS)http://pul/title/11549 850 $aPUL 852 $aPUL$W1$xDP1 Fondo Capitani$y116$m3 A 63$j99096$qFondi$B162606$CPULBib$Z2$F162606 $HCap1419 $82 852 $aPUL$W1$xDP1 Fondo Giannini$y60$m1562 C 12$j15372$nBK-PRI$b $qFondi$B15372$CPULBib$Z2$F15372 $H $81 941 1 $a8 941 1 $a1 961 $aINV: Fondo Giannini 996 $6245$aL'inquietudine dell'anima :$bla dottrina dell'amore nelle "Confessioni" di Sant'Agostino$9(OLS)http://pul/title/15795 996 $6260$aRoma :$bAbate$9(OLS)http://pul/publisher/53051 LEADER 01557nam a2200349 a 4500 001 000000130349 003 CaOOAMICUS 005 20130222101256.0 008 120924s2012 it u000 u ita r 020 $a978-88-7105-310-3 040 $aPUL$bita 082 04$a198.9 100 1 $aMorelli, Sergio.$0(OLS)http://pul/name/83537 245 12$aL'emergere della soggettività in Kierkegaard /$cSergio Morelli. 260 $aMilano :$bGlossa,$c©2012. 300 $aVI, 219 p. ;$c24 cm 490 1 $aDissertatio.$aSeries Mediolanensis ;$v21 502 $aTesi -- Facoltà teologica dell'Italia Settentrionale. 2011. 504 $aBibliografia: p. 216-219. 600 14$aKierkegaard, Søren,$d1813-1855$xFilosofia.$0(OLS)http://pul/subject/8669 710 2 $aFacoltà teologica dell'Italia settentrionale.$kTesi.$0(OLS)http://pul/name/85655 830 0$aDissertatio.$pSeries Mediolanensis ;$v21.$0(OLS)http://pul/title/71364 850 $aPUL 852 $aPUL$W1$xDP1 Tesi Fac It.Settentrionale$y34$m2012 B 4$j150310$qTesi$B152348$CPULBib$Z2$F152348 $82 852 $aPUL$W1$xSL Filosofia 3$y81$m198. 9 MORSE 1$j150873$qDDC 21$q $B149458$CPULBib$Z2$F149458 $H120213 $81 941 1 $a9 941 1 $a16 996 $6020$a978-88-7105-310-3$9(OLS)http://pul/number/150575 996 $6082$a198.9$9(OLS)http://pul/classification/2167 996 $6245$aL'emergere della soggettività in Kierkegaard$9(OLS)http://pul/title/164748 996 $6260$aMilano :$bGlossa$9(OLS)http://pul/publisher/53656